[Event "Verbandsliga Nordbaden 2223"]
[Site "Germany"]
[Date "2022.10.16"]
[Round "2.8"]
[White "Osmanovic, Faruk"]
[Black "Malich, Roman"]
[Result "1/2-1/2"]
[WhiteElo "1921"]
[BlackElo "1934"]
[PlyCount "120"]
[EventDate "2022.09.25"]
[EventType "team-tourn"]
[EventRounds "9"]
[EventCountry "GER"]
[SourceTitle "EXT 2024"]
[Source "ChessBase"]
[SourceDate "2023.10.10"]
[SourceVersion "1"]
[SourceVersionDate "2023.10.10"]
[SourceQuality "1"]
[WhiteTeam "Ettlingen II"]
[BlackTeam "Walldorf II"]
[WhiteTeamCountry "GER"]
[BlackTeamCountry "GER"]

1. c4 f5 2. g3 Nf6 3. Bg2 d6 4. d4 e6 5. Nc3 Be7 6. Nh3 0-0 7. 0-0 c6 8. Bg5 Qc7 9. Rc1 e5 10. d5 a6 11. Qd2 Nbd7 12. Rfd1 c5 13. e4 Nb6 14. Bxf6 Bxf6 15. Qe2 g6 16. Kh1 Qg7 17. Ng1 Bd7 18. Nf3 Rae8 19. Nd2 f4 20. Rb1 fxg3 21. fxg3 Bg5 22. b4 Na4 23. Nxa4 Bxa4 24. Rf1 cxb4 25. Rxb4 b5 26. Nf3 Bd8 27. Rc1 Qh6 28. Rbb1 Bb6 29. Rf1 Rc8 30. Qd2 Be3 31. Qb4 Bc5 32. Qd2 Qxd2 33. Nxd2 Rxf1+ 34. Bxf1 Be3 35. Bh3 Rc7 36. Nf1 Bc2 37. Re1 Bxe4+ 38. Bg2 Bxg2+ 39. Kxg2 Bd4 40. cxb5 Rc2+ 41. Kf3 axb5 42. Re2 Rc3+ 43. Ke4 b4 44. g4 Bc5 45. Ng3 Rc4+ 46. Kf3 Rf4+ 47. Kg2 Rxg4 48. Re4 Rf4 49. Rxf4 exf4 50. Ne4 h6 51. h4 Kg7 52. Kf3 Be3 53. Nxd6 Kf6 54. Nc4 g5 55. hxg5+ hxg5 56. Kg4 Bc5 57. d6 Ke6 58. Kxg5 f3 59. d7 Kxd7 60. Ne5+ Kd6 1/2-1/2

[Event "Solta op 4th"]
[Site "Grohote"]
[Date "2021.08.08"]
[Round "1"]
[White "Biti, Ozren"]
[Black "Osmanovic, Faruk"]
[Result "1-0"]
[WhiteElo "2352"]
[BlackElo "1907"]
[PlyCount "91"]
[EventDate "2021.08.08"]
[EventType "swiss"]
[EventRounds "9"]
[EventCountry "CRO"]
[SourceTitle "CBM 203 Extra"]
[Source "ChessBase"]
[SourceDate "2021.09.30"]
[SourceVersion "1"]
[SourceVersionDate "2021.09.30"]
[SourceQuality "1"]

1. e4 e5 2. Nf3 Nf6 3. Nxe5 d6 4. Nf3 Nxe4 5. c4 Be7 6. d4 0-0 7. Bd3 Bf5 8. 0-0 Bg6 9. Re1 Nf6 10. Bxg6 fxg6 11. Qb3 h6 12. Qxb7 Nbd7 13. Qb3 Rf7 14. Qd3 Kh7 15. Nc3 Rb8 16. Ne2 c6 17. Nf4 Nf8 18. Nxg6 Nxg6 19. Nh4 Qa5 20. Qxg6+ Kg8 21. Re2 Qh5 22. Qxh5 Nxh5 23. Ng6 Bf8 24. b3 Kh7 25. Re6 Rf6 26. Rxf6 Nxf6 27. Nxf8+ Rxf8 28. Ba3 Re8 29. Bxd6 Re2 30. f3 Nd7 31. Kf1 Rd2 32. Bf4 Rb2 33. Re1 Rxa2 34. Re7 Nf6 35. Be5 Kg6 36. g4 a5 37. h4 a4 38. h5+ Nxh5 39. gxh5+ Kxh5 40. bxa4 Rxa4 41. c5 g5 42. Re6 g4 43. fxg4+ Kxg4 44. Rxh6 Kf3 45. Rf6+ Ke4 46. Rxc6 1-0

[Event "Baden-ch 92nd"]
[Site "Pforzheim"]
[Date "2020.09.13"]
[Round "7"]
[White "Osmanovic, Faruk"]
[Black "Ehmann, Thilo"]
[Result "0-1"]
[WhiteElo "1931"]
[BlackElo "2329"]
[PlyCount "90"]
[EventDate "2020.09.09"]
[EventType "swiss"]
[EventRounds "7"]
[EventCountry "GER"]
[SourceTitle "EXT 2021"]
[Source "ChessBase"]
[SourceDate "2020.10.23"]
[SourceVersion "1"]
[SourceVersionDate "2020.10.23"]
[SourceQuality "1"]

1. d4 Nf6 2. Nf3 g6 3. g3 Bg7 4. Bg2 0-0 5. 0-0 d6 6. b3 e5 7. e3 e4 8. Nfd2 Re8 9. Bb2 Bf5 10. Nc3 d5 11. Ne2 h5 12. c4 c6 13. a4 h4 14. Re1 Na6 15. cxd5 cxd5 16. Ba3 Qa5 17. Ra2 Bf8 18. Bxf8 Rxf8 19. Nb1 Nb4 20. Qd2 Qb6 21. a5 Qd6 22. Ra4 Nd3 23. Rf1 h3 24. Bh1 Bd7 25. Ra2 Nb4 26. Ra1 Nh7 27. Na3 Ng5 28. Nf4 Nh7 29. Nc2 Nxc2 30. Qxc2 Rac8 31. Qd2 g5 32. Ne2 g4 33. Nc3 Nf6 34. b4 Rc7 35. Na2 Rfc8 36. Rfc1 Ba4 37. Rc3 Rxc3 38. Nxc3 Bd7 39. Rb1 Rc4 40. b5 Qa3 41. Nxd5 Nxd5 42. Bxe4 Nc3 43. Qd3 Nxb1 44. Qxc4 Nd2 45. Bh7+ Kg7 0-1

[Event "Baden-ch 92nd"]
[Site "Pforzheim"]
[Date "2020.09.11"]
[Round "5"]
[White "Osmanovic, Faruk"]
[Black "Schlenker, Joerg"]
[Result "0-1"]
[WhiteElo "1931"]
[BlackElo "2174"]
[PlyCount "88"]
[EventDate "2020.09.09"]
[EventType "swiss"]
[EventRounds "7"]
[EventCountry "GER"]
[SourceTitle "EXT 2021"]
[Source "ChessBase"]
[SourceDate "2020.10.23"]
[SourceVersion "1"]
[SourceVersionDate "2020.10.23"]
[SourceQuality "1"]

1. d4 g6 2. c4 Bg7 3. Nc3 c5 4. d5 Bxc3+ 5. bxc3 f5 6. h4 Nf6 7. h5 Qa5 8. Rh3 Nxh5 9. e4 fxe4 10. Rxh5 gxh5 11. Qxh5+ Kd8 12. Qe5 Rg8 13. Ne2 d6 14. Qxe4 Nd7 15. Qh4 Nf6 16. Bg5 Bd7 17. g3 Kc7 18. Bxf6 exf6 19. Qxh7 Rae8 20. Kd2 Rh8 21. Qf7 Qa4 22. Rc1 Qxa2+ 23. Rc2 Qb1 24. Nc1 Kc8 25. Bd3 Qb6 26. Ne2 Qd8 27. Nf4 Rh2 28. Ne6 Bxe6 29. dxe6 Rxf2+ 30. Kd1 Rxc2 31. Bxc2 Qe7 32. Qh5 Kd8 33. Bf5 Qg7 34. Qf3 Kc7 35. g4 Rh8 36. Be4 Rh4 37. Bf5 Rh2 38. Qd5 Qg5 39. e7 Qe3 40. e8Q Qxe8 41. Be4 Qa4+ 42. Kc1 Qa1+ 43. Bb1 Qxc3+ 44. Kd1 Qd4+ 0-1

[Event "Baden-ch 92nd"]
[Site "Pforzheim"]
[Date "2020.09.10"]
[Round "3"]
[White "Blaich, Guenther"]
[Black "Osmanovic, Faruk"]
[Result "1/2-1/2"]
[WhiteElo "2282"]
[BlackElo "1931"]
[PlyCount "41"]
[EventDate "2020.09.09"]
[EventType "swiss"]
[EventRounds "7"]
[EventCountry "GER"]
[SourceTitle "EXT 2021"]
[Source "ChessBase"]
[SourceDate "2020.10.23"]
[SourceVersion "1"]
[SourceVersionDate "2020.10.23"]
[SourceQuality "1"]

1. e4 c5 2. Nf3 e6 3. d4 cxd4 4. Nxd4 a6 5. Nc3 Nc6 6. g3 Nge7 7. Bg2 Nxd4 8. Qxd4 Nc6 9. Qd1 d6 10. 0-0 Be7 11. Bf4 Qc7 12. a4 Bd7 13. Re1 g5 14. Be3 0-0-0 15. a5 Nxa5 16. Bd4 Rhe8 17. b4 Nc6 18. b5 Nxd4 19. Qxd4 Qc5 20. Qxc5+ dxc5 21. bxa6 1/2-1/2

[Event "Baden-ch 92nd"]
[Site "Pforzheim"]
[Date "2020.09.10"]
[Round "2"]
[White "Osmanovic, Faruk"]
[Black "Hartmann, Martin"]
[Result "0-1"]
[WhiteElo "1931"]
[BlackElo "2120"]
[PlyCount "74"]
[EventDate "2020.09.09"]
[EventType "swiss"]
[EventRounds "7"]
[EventCountry "GER"]
[SourceTitle "EXT 2021"]
[Source "ChessBase"]
[SourceDate "2020.10.23"]
[SourceVersion "1"]
[SourceVersionDate "2020.10.23"]
[SourceQuality "1"]

1. d4 d5 2. Nf3 Nf6 3. c4 e6 4. e3 Nbd7 5. Bd3 dxc4 6. Bxc4 a6 7. a4 c5 8. 0-0 Be7 9. Nc3 0-0 10. Qe2 b6 11. Rd1 Bb7 12. b3 Qc7 13. Bb2 Rfd8 14. Rac1 Nf8 15. Ne5 Ng6 16. Nxg6 hxg6 17. dxc5 Bxc5 18. Rxd8+ Rxd8 19. Rd1 Rxd1+ 20. Qxd1 Bd6 21. h3 Bh2+ 22. Kh1 Be5 23. Qc1 Qc6 24. Bf1 Bb8 25. Nd1 Qd6 26. f4 Ne4 27. Kh2 f6 28. Ba3 Qd7 29. h4 e5 30. g3 Qg4 31. Qc4+ Kh7 32. Bg2 Qxg3+ 33. Kg1 Nd2 34. Qe2 Nf3+ 35. Kf1 Nh2+ 36. Kg1 Bxg2 37. Qxg2 Nf3+ 0-1

[Event "SVK-ch rapid"]
[Site "Topolcany"]
[Date "2020.07.11"]
[Round "9"]
[White "Sarkozi, Szabolcs"]
[Black "Osmanovic, Faruk"]
[Result "0-1"]
[WhiteElo "1826"]
[BlackElo "1994"]
[PlyCount "68"]
[EventDate "2020.07.11"]
[EventType "swiss (rapid)"]
[EventRounds "9"]
[EventCountry "SVK"]
[SourceTitle "CBM 197 Extra"]
[Source "ChessBase"]
[SourceDate "2020.09.30"]
[SourceVersion "1"]
[SourceVersionDate "2020.09.30"]
[SourceQuality "1"]

1. e4 c5 2. Nf3 e6 3. b3 d5 4. exd5 exd5 5. Bb5+ Bd7 6. Qe2+ Qe7 7. Qxe7+ Bxe7 8. Bxd7+ Nxd7 9. d4 Ngf6 10. 0-0 Rc8 11. Re1 Ne4 12. Nfd2 cxd4 13. f3 Nd6 14. Ba3 Nf5 15. Nf1 Kd8 16. Bxe7+ Nxe7 17. Na3 a6 18. Rad1 Nf5 19. g4 Nh4 20. Kf2 b5 21. Kg3 Ng6 22. Rxd4 Ne7 23. Ne3 Re8 24. Nxd5 Nf5+ 25. gxf5 Rxe1 26. c4 bxc4 27. Nb6 Rc7 28. Naxc4 Ke8 29. Nd5 Ra7 30. Kf2 Rh1 31. Kg2 Ra1 32. Nd6+ Kf8 33. Rc4 Kg8 34. h4 h5 0-1

[Event "SVK-ch rapid"]
[Site "Topolcany"]
[Date "2020.07.11"]
[Round "4"]
[White "Valent, Ivan"]
[Black "Osmanovic, Faruk"]
[Result "1-0"]
[WhiteElo "2221"]
[BlackElo "1994"]
[PlyCount "75"]
[EventDate "2020.07.11"]
[EventType "swiss (rapid)"]
[EventRounds "9"]
[EventCountry "SVK"]
[SourceTitle "CBM 197 Extra"]
[Source "ChessBase"]
[SourceDate "2020.09.30"]
[SourceVersion "1"]
[SourceVersionDate "2020.09.30"]
[SourceQuality "1"]

1. e4 c5 2. Nf3 e6 3. d3 d5 4. Nbd2 Nc6 5. g3 g6 6. Bg2 Bg7 7. 0-0 Nge7 8. Re1 0-0 9. c3 b6 10. e5 Qc7 11. Qe2 Ba6 12. Nf1 Rad8 13. Bf4 d4 14. c4 Bb7 15. h4 h6 16. N1h2 Kh7 17. Ng4 Ng8 18. Qd2 Nce7 19. Nf6+ Kh8 20. b4 Bc6 21. b5 Ba8 22. a4 Qb7 23. a5 Nf5 24. Nxg8 Rxg8 25. g4 Ne7 26. Bxh6 Kh7 27. Ng5+ Kxh6 28. Nxf7+ Kh7 29. Bxb7 Bxb7 30. Nxd8 Rxd8 31. axb6 axb6 32. Ra7 Rb8 33. Qg5 Nc8 34. Qd8 Nxa7 35. Qxb8 Nxb5 36. cxb5 Bf3 37. Qxb6 Bxg4 38. Qxc5 1-0

[Event "Vsetin op 45th"]
[Site "Vsetin"]
[Date "2020.07.08"]
[Round "7"]
[White "Osmanovic, Faruk"]
[Black "Makalous, Dan"]
[Result "1-0"]
[WhiteElo "1999"]
[BlackElo "1674"]
[PlyCount "35"]
[EventDate "2020.07.04"]
[EventType "swiss"]
[EventRounds "9"]
[EventCountry "CZE"]
[SourceTitle "CBM 197 Extra"]
[Source "ChessBase"]
[SourceDate "2020.09.30"]
[SourceVersion "1"]
[SourceVersionDate "2020.09.30"]
[SourceQuality "1"]

1. d4 Nf6 2. Nf3 d5 3. c4 e6 4. e3 Nbd7 5. Nbd2 b6 6. cxd5 Nxd5 7. Bd3 Bb7 8. 0-0 Be7 9. a3 c5 10. Nc4 cxd4 11. Nxd4 0-0 12. b4 e5 13. Nf5 e4 14. Bxe4 Nc3 15. Qg4 g6 16. Bxb7 Nf6 17. Qg5 Rb8 18. Bb2 1-0

[Event "Vsetin op 45th"]
[Site "Vsetin"]
[Date "2020.07.08"]
[Round "6"]
[White "Urwyler, Nikash"]
[Black "Osmanovic, Faruk"]
[Result "1-0"]
[WhiteElo "1903"]
[BlackElo "1999"]
[PlyCount "107"]
[EventDate "2020.07.04"]
[EventType "swiss"]
[EventRounds "9"]
[EventCountry "CZE"]
[SourceTitle "CBM 197 Extra"]
[Source "ChessBase"]
[SourceDate "2020.09.30"]
[SourceVersion "1"]
[SourceVersionDate "2020.09.30"]
[SourceQuality "1"]

1. e4 c5 2. Nf3 e6 3. d4 cxd4 4. Nxd4 a6 5. c4 Nf6 6. Nc3 Bb4 7. f3 0-0 8. Be2 d5 9. exd5 exd5 10. 0-0 Bc5 11. Be3 Re8 12. Bf2 dxc4 13. Bxc4 b5 14. Bb3 Ra7 15. Nc2 Rd7 16. Qc1 Qb6 17. Qf4 Nc6 18. Bxc5 Qxc5+ 19. Kh1 Na5 20. Rfe1 Rxe1+ 21. Rxe1 Nxb3 22. axb3 Qd6 23. Qe3 Kf8 24. Rd1 Qe7 25. Rxd7 Bxd7 26. Qf2 Qd6 27. b4 Qd3 28. Kg1 g6 29. Ne3 h5 30. h4 Be6 31. Nf1 Qd6 32. Qc5 Ke7 33. Nd2 Qxc5+ 34. bxc5 b4 35. Ne2 Nd7 36. Nd4 Bd5 37. N2b3 Bxb3 38. Nxb3 Ne5 39. Kf2 Nd3+ 40. Ke3 Nxb2 41. Kd4 Ke6 42. Na5 f6 43. Nc6 b3 44. Na5 Kd7 45. Nxb3 Kc6 46. Na5+ Kb5 47. c6 Na4 48. c7 Nb6 49. Nc4 Nc8 50. Kd5 Kb4 51. Nd6 a5 52. Nxc8 a4 53. Nb6 a3 54. c8Q 1-0

[Event "Vsetin op 45th"]
[Site "Vsetin"]
[Date "2020.07.06"]
[Round "4"]
[White "Matus, Filip"]
[Black "Osmanovic, Faruk"]
[Result "1/2-1/2"]
[WhiteElo "1898"]
[BlackElo "1999"]
[PlyCount "113"]
[EventDate "2020.07.04"]
[EventType "swiss"]
[EventRounds "9"]
[EventCountry "CZE"]
[SourceTitle "CBM 197 Extra"]
[Source "ChessBase"]
[SourceDate "2020.09.30"]
[SourceVersion "1"]
[SourceVersionDate "2020.09.30"]
[SourceQuality "1"]

1. e4 c5 2. Nf3 e6 3. d4 cxd4 4. Nxd4 a6 5. c4 Nf6 6. Nc3 Bb4 7. Bd3 Nc6 8. Nde2 d5 9. cxd5 exd5 10. exd5 Nxd5 11. 0-0 Nxc3 12. Nxc3 Be6 13. a3 Bxc3 14. bxc3 Qf6 15. Qc2 Rc8 16. Bb2 Nd4 17. Qa4+ Nc6 18. Rfe1 0-0 19. Qe4 g6 20. Qe2 Bf5 21. Bxf5 Qxf5 22. c4 Rfe8 23. Qd2 Rcd8 24. Rac1 f6 25. Qc3 Ne5 26. Rcd1 Rxd1 27. Rxd1 Qg4 28. f3 Qxc4 29. Qxc4+ Nxc4 30. Bxf6 Re6 31. Bg5 Rd6 32. Rxd6 Nxd6 33. Kf2 Kf7 34. Ke2 Ke6 35. Kd3 Kd5 36. g3 Nc4 37. Bc1 Ne5+ 38. Ke3 Kc4 39. Ke4 Nd3 40. Bh6 b5 41. Bf8 a5 42. f4 Nc5+ 43. Ke3 b4 44. axb4 axb4 45. g4 Ne6 46. Bd6 b3 47. Be5 Kd5 48. Bb2 Nc5 49. f5 gxf5 50. gxf5 Na4 51. Bc1 b2 52. Bxb2 Nxb2 53. Kf4 Nc4 54. Kg5 Nd6 55. Kh6 Ke5 56. Kxh7 Kxf5 57. h4 1/2-1/2

[Event "Untergrombach op 36th"]
[Site "Untergrombach"]
[Date "2019.01.03"]
[Round "2"]
[White "Osmanovic, Faruk"]
[Black "Meijers, Viesturs"]
[Result "0-1"]
[WhiteElo "2016"]
[BlackElo "2433"]
[PlyCount "91"]
[EventDate "2019.01.02"]
[EventType "swiss"]
[EventRounds "7"]
[EventCountry "GER"]
[SourceTitle "CBM 188 Extra"]
[Source "ChessBase"]
[SourceDate "2019.02.26"]
[SourceVersion "1"]
[SourceVersionDate "2019.02.26"]
[SourceQuality "1"]

1. d4 Nf6 2. Nf3 e6 3. c4 d5 4. e3 Nbd7 5. Nc3 Be7 6. Bd3 dxc4 7. Bxc4 c5 8. 0-0 0-0 9. Qe2 a6 10. a4 b6 11. Rd1 Qc7 12. d5 exd5 13. Bxd5 Bb7 14. Bxb7 Qxb7 15. b3 Rfe8 16. Bb2 Nf8 17. h3 Ng6 18. Qc4 h6 19. Nd5 Nxd5 20. Qxd5 Qxd5 21. Rxd5 Red8 22. Rad1 Rxd5 23. Rxd5 Ra7 24. g3 f6 25. h4 Kf7 26. h5 Nf8 27. Kf1 Nd7 28. Rd1 Nb8 29. Nh4 Nc6 30. Nf5 Bf8 31. Bc3 Ke6 32. e4 b5 33. Ne3 b4 34. Bb2 Na5 35. Rd3 Rd7 36. Nd5 Bd6 37. Nb6 Rb7 38. Nc8 Bf8 39. f4 c4 40. f5+ Kf7 41. bxc4 Nxc4 42. Bc1 Rc7 43. Rd8 b3 44. Bf4 b2 45. Bxc7 b1Q+ 46. Kf2 0-1

[Event "Srpska Republic-chT 1st League"]
[Site "Banja Dvorovi"]
[Date "2018.08.08"]
[Round "5.3"]
[White "Markovic, Dusan"]
[Black "Osmanovic, Faruk"]
[Result "1/2-1/2"]
[WhiteElo "2083"]
[BlackElo "2044"]
[PlyCount "136"]
[EventDate "2018.08.04"]
[EventType "team-tourn"]
[EventRounds "9"]
[EventCountry "BIH"]
[SourceTitle "CBM 186 Extra"]
[Source "ChessBase"]
[SourceDate "2018.08.24"]
[SourceVersion "1"]
[SourceVersionDate "2018.08.24"]
[SourceQuality "1"]
[WhiteTeam "Teslic Mladost"]
[BlackTeam "Bijeljina Svetozar Gligoric"]
[WhiteTeamCountry "BIH"]
[BlackTeamCountry "BIH"]

1. e4 c6 2. d4 d5 3. Nc3 dxe4 4. Nxe4 Nd7 5. Nf3 Ngf6 6. Ng3 e6 7. Bc4 Bd6 8. 0-0 0-0 9. Re1 Qc7 10. c3 c5 11. Bb3 b6 12. Qe2 Bb7 13. Ne5 Bxe5 14. dxe5 Qc6 15. f3 Nd5 16. c4 Ne7 17. Bd2 Qc7 18. Bc3 Rad8 19. Bc2 Ng6 20. Qe3 Nb8 21. Rac1 a5 22. Ne4 Bxe4 23. Qxe4 Nc6 24. Ba4 Nb4 25. Ra1 Ne7 26. a3 Nbc6 27. Rad1 Rxd1 28. Rxd1 Rd8 29. Rxd8+ Nxd8 30. b4 axb4 31. axb4 Qa7 32. Bc2 Ng6 33. bxc5 bxc5 34. h4 Nf8 35. h5 Qa3 36. Bd2 Qa1+ 37. Kf2 Qd4+ 38. Qxd4 cxd4 39. Ba4 f6 40. f4 Nf7 41. exf6 Nd6 42. fxg7 Kxg7 43. Bb5 Kf6 44. Bb4 Nxb5 45. Bxf8 Na7 46. Kf3 e5 47. fxe5+ Kxe5 48. Bg7+ Kf5 49. Bxd4 Nc6 50. g4+ Kg5 51. Be3+ Kf6 52. Ke4 Ke6 53. Bd4 Ne7 54. c5 Nc6 55. g5 Ne7 56. Be5 Nc6 57. Bd6 Nd8 58. Bf4 Nc6 59. h6 Ne7 60. Bc1 Ng6 61. Ba3 Ne5 62. Bb2 Ng6 63. Bf6 Nf8 64. c6 Kd6 65. Be7+ Kxe7 66. Ke5 Ng6+ 67. Kf5 Nh4+ 68. Kg4 Ng6 1/2-1/2

[Event "Srpska Republic-chT 1st League"]
[Site "Banja Dvorovi"]
[Date "2018.08.06"]
[Round "3.4"]
[White "Osmanovic, Faruk"]
[Black "Divljan, Borisa"]
[Result "0-1"]
[WhiteElo "2044"]
[BlackElo "2118"]
[PlyCount "68"]
[EventDate "2018.08.04"]
[EventType "team-tourn"]
[EventRounds "9"]
[EventCountry "BIH"]
[SourceTitle "CBM 186 Extra"]
[Source "ChessBase"]
[SourceDate "2018.08.24"]
[SourceVersion "1"]
[SourceVersionDate "2018.08.24"]
[SourceQuality "1"]
[WhiteTeam "Bijeljina Svetozar Gligoric"]
[BlackTeam "Bileca Hercegovac"]
[WhiteTeamCountry "BIH"]
[BlackTeamCountry "BIH"]

1. d4 d5 2. c4 c6 3. Nf3 Nf6 4. g3 g6 5. Bg2 Bg7 6. Nc3 0-0 7. 0-0 Bf5 8. Qb3 Qb6 9. c5 Qc7 10. Bf4 Qc8 11. Rfe1 Nbd7 12. Ne5 b6 13. cxb6 axb6 14. Rac1 Qb7 15. Nxc6 Qxc6 16. Nxd5 Qe6 17. Nxf6+ Qxf6 18. Bxa8 Rxa8 19. Qd5 Ra5 20. Qb7 h6 21. e4 Bh3 22. Rc6 Qxd4 23. Qc8+ Kh7 24. Rc2 Rxa2 25. Rd2 Qb4 26. e5 Nxe5 27. Qb7 Rxb2 28. Rdd1 Qc5 29. Be3 Qc2 30. Bd4 Ra2 31. Ra1 Rxa1 32. Bxa1 Nc6 33. Qxb6 Bxa1 34. Rxa1 Qe4 0-1

[Event "Verbandsliga Nordbaden 1718"]
[Site "Baden"]
[Date "2018.04.22"]
[Round "8.1"]
[White "Braun, Joachim"]
[Black "Osmanovic, Faruk"]
[Result "1-0"]
[WhiteElo "2161"]
[BlackElo "2049"]
[PlyCount "137"]
[EventDate "2017.10.08"]
[EventType "team-tourn"]
[EventRounds "9"]
[EventCountry "GER"]
[SourceTitle "EXT 2019"]
[Source "ChessBase"]
[SourceDate "2018.10.10"]
[SourceVersion "1"]
[SourceVersionDate "2018.10.10"]
[SourceQuality "1"]
[WhiteTeam "Birkenfeld"]
[BlackTeam "Ettlingen II"]
[WhiteTeamCountry "GER"]
[BlackTeamCountry "GER"]

1. e4 e5 2. Nf3 Nc6 3. Bb5 a6 4. Ba4 Nf6 5. d3 d6 6. c3 Be7 7. Nbd2 0-0 8. 0-0 Nb8 9. Re1 b5 10. Bb3 c5 11. a4 Bb7 12. axb5 axb5 13. Rxa8 Bxa8 14. Nf1 Re8 15. Bg5 g6 16. Qa1 Nbd7 17. Qa2 c4 18. dxc4 Nc5 19. cxb5 Nxb3 20. Qxb3 Nxe4 21. Be3 Kg7 22. b6 Bb7 23. Ra1 Qc8 24. N3d2 Ng5 25. Qc4 f5 26. Qxc8 Rxc8 27. Bxg5 Bxg5 28. Ra7 Rb8 29. Nc4 Kf6 30. Na5 Be4 31. b7 Bc1 32. Ng3 Bxb7 33. Rxb7 Rxb7 34. Nxb7 Bxb2 35. Nxd6 Ke6 36. Nb5 Kd5 37. Ne2 Kc4 38. Nc7 Ba3 39. Kf1 e4 40. Ne6 h6 41. h4 Be7 42. h5 g5 43. Ng3 f4 44. Nxe4 Kd5 45. N6c5 Bxc5 46. Nxc5 Kxc5 47. Ke2 Kc4 48. Kd2 Kc5 49. Kd3 Kd5 50. f3 Kc5 51. c4 Kc6 52. Kd4 Kd6 53. c5+ Kc6 54. Kc4 Kc7 55. Kd5 Kd7 56. c6+ Kc7 57. Kc5 Kc8 58. Kd6 Kd8 59. Ke6 Kc7 60. Kf6 Kxc6 61. Kg6 Kd5 62. Kxh6 g4 63. Kg5 gxf3 64. gxf3 Ke6 65. Kg6 Ke5 66. h6 Kd4 67. h7 Ke3 68. h8Q Kxf3 69. Kf5 1-0

[Event "Verbandsliga Nordbaden 1718"]
[Site "Baden"]
[Date "2017.11.05"]
[Round "2.1"]
[White "Osmanovic, Faruk"]
[Black "Dudek, Richard"]
[Result "1-0"]
[WhiteElo "2049"]
[BlackElo "2231"]
[PlyCount "81"]
[EventDate "2017.10.08"]
[EventType "team-tourn"]
[EventRounds "9"]
[EventCountry "GER"]
[SourceTitle "EXT 2019"]
[Source "ChessBase"]
[SourceDate "2018.10.10"]
[SourceVersion "1"]
[SourceVersionDate "2018.10.10"]
[SourceQuality "1"]
[WhiteTeam "Ettlingen II"]
[BlackTeam "Eppingen II"]
[WhiteTeamCountry "GER"]
[BlackTeamCountry "GER"]

1. d4 Nf6 2. c4 e6 3. Nc3 Bb4 4. Qc2 c5 5. dxc5 Na6 6. Bf4 Qa5 7. 0-0-0 Bxc3 8. bxc3 Nxc5 9. f3 Na4 10. Bd6 Nxc3 11. Rd2 b5 12. a3 Na4 13. e4 Bb7 14. e5 Nd5 15. Rxd5 exd5 16. Bb4 Qb6 17. c5 Qc6 18. Ne2 Qg6 19. Nd4 Qxc2+ 20. Kxc2 a6 21. Nf5 0-0 22. c6 dxc6 23. Bxf8 Kxf8 24. Nd6 Bc8 25. Bd3 g6 26. h4 c5 27. h5 Kg7 28. Ne8+ Kf8 29. Nc7 Ra7 30. Nxd5 Be6 31. hxg6 hxg6 32. Nf6 Bd7 33. Rh7 Nb6 34. Be4 a5 35. Rh8+ Ke7 36. Rb8 Nc4 37. f4 b4 38. axb4 cxb4 39. Kd3 Na3 40. Bd5 Nb5 41. Ng8# 1-0

[Event "Oberliga Baden 1718"]
[Site "Baden"]
[Date "2017.10.08"]
[Round "1.8"]
[White "Pfleger, Michael"]
[Black "Osmanovic, Faruk"]
[Result "1-0"]
[WhiteElo "2185"]
[BlackElo "2056"]
[PlyCount "215"]
[EventDate "2017.10.08"]
[EventType "team-tourn"]
[EventRounds "9"]
[EventCountry "GER"]
[SourceTitle "EXT 2019"]
[Source "ChessBase"]
[SourceDate "2018.10.10"]
[SourceVersion "1"]
[SourceVersionDate "2018.10.10"]
[SourceQuality "1"]
[WhiteTeam "Bad Mergentheim"]
[BlackTeam "Ettlingen"]
[WhiteTeamCountry "GER"]
[BlackTeamCountry "GER"]

1. e4 c5 2. Nf3 e6 3. d4 cxd4 4. Bg5 Be7 5. Bxe7 Qxe7 6. Qxd4 f6 7. Nc3 a6 8. 0-0-0 Nh6 9. Qb6 0-0 10. Bc4 Nc6 11. Rd2 Qb4 12. Qxb4 Nxb4 13. Rhd1 b5 14. Bb3 Nf7 15. Rxd7 Bxd7 16. Rxd7 Rfe8 17. Rc7 Rac8 18. Rxc8 Rxc8 19. Bxe6 Rd8 20. Nd5 Nc6 21. Nc7 Nd4 22. Nxd4 Rxd4 23. Bd5 Ra4 24. Ne6 f5 25. exf5 Kh8 26. Nc5 Rf4 27. Nd3 Rxf5 28. Be4 Rh5 29. h3 Nd6 30. Bf3 Rf5 31. Bg4 Rf6 32. Bf3 a5 33. Kd2 Rf8 34. Ke3 Rc8 35. Bd1 Rc4 36. b3 Re4+ 37. Kd2 g5 38. Bf3 Re8 39. Nc5 Kg7 40. Kd3 Kf6 41. Nd7+ Ke7 42. Ne5 Ke6 43. Nc6 a4 44. b4 Kd7 45. Nd4 Kc7 46. Bd5 Re1 47. Kd2 Re5 48. Bf3 Kb6 49. Ne2 Re7 50. Nc3 Nc4+ 51. Kd1 Rd7+ 52. Ke1 Na3 53. Be4 h6 54. Ke2 Kc7 55. Bd3 Kc6 56. Kd2 Nc4+ 57. Kc1 Nd6 58. Ne2 Kd5 59. f3 Re7 60. Kd2 Nc4+ 61. Ke1 Nd6 62. Kf2 Ke5 63. Nc3 Rb7 64. Ke3 Rc7 65. Ne2 Nc4+ 66. Bxc4 Rxc4 67. c3 Rc8 68. Kd3 Rd8+ 69. Nd4 Kf4 70. Ke2 Kg3 71. Kf1 Rd5 72. a3 Re5 73. Ne2+ Kh2 74. Kf2 h5 75. Nd4 Rd5 76. Kf1 h4 77. Kf2 Re5 78. f4 Re8 79. Nf3+ Kh1 80. Nxg5 Rc8 81. Ne4 Rg8 82. f5 Rxg2+ 83. Kf3 Rg8 84. f6 Kh2 85. f7 Rf8 86. Ng5 Rc8 87. Kg4 Rc4+ 88. Kf5 Rc8 89. Kg6 Kg3 90. Kg7 Kf4 91. Kf6 Kg3 92. Ke5 Rh8 93. Kf6 Rc8 94. Kg7 Kf4 95. Ne6+ Kg3 96. f8Q Rxf8 97. Nxf8 Kxh3 98. Ng6 Kg3 99. Nxh4 Kf4 100. Kf6 Ke4 101. Nf5 Kd3 102. Nd6 Kxc3 103. Nxb5+ Kc4 104. Nd6+ Kb3 105. b5 Kxa3 106. b6 Ka2 107. b7 Ka1 108. Nc4 1-0

[Event "Arad op 10th"]
[Site "Arad"]
[Date "2017.08.09"]
[Round "5"]
[White "Schitco, Ivan"]
[Black "Osmanovic, Faruk"]
[Result "1-0"]
[WhiteElo "2315"]
[BlackElo "2102"]
[PlyCount "47"]
[EventDate "2017.08.06"]
[EventType "swiss"]
[EventRounds "9"]
[EventCountry "ROU"]
[SourceTitle "CBM 179 Extra"]
[Source "ChessBase"]
[SourceDate "2017.08.23"]
[SourceVersion "1"]
[SourceVersionDate "2017.08.23"]
[SourceQuality "1"]

1. d4 d5 2. c4 c6 3. Nf3 Nf6 4. e3 e6 5. Nbd2 Nbd7 6. b3 b6 7. Bb2 Bb7 8. Bd3 Be7 9. 0-0 0-0 10. Qe2 Re8 11. Rfd1 Qc7 12. Rac1 Rac8 13. Ne5 Qb8 14. f4 c5 15. Ndf3 Rcd8 16. cxd5 exd5 17. Ng5 Rf8 18. Nxd7 Rxd7 19. dxc5 h6 20. c6 Bxc6 21. Rxc6 hxg5 22. fxg5 Qb7 23. gxf6 Qxc6 24. Qh5 1-0

[Event "Arad op 10th"]
[Site "Arad"]
[Date "2017.08.07"]
[Round "2"]
[White "Osmanovic, Faruk"]
[Black "Itkis, Boris"]
[Result "1/2-1/2"]
[WhiteElo "2102"]
[BlackElo "2357"]
[PlyCount "88"]
[EventDate "2017.08.06"]
[EventType "swiss"]
[EventRounds "9"]
[EventCountry "ROU"]
[SourceTitle "CBM 179 Extra"]
[Source "ChessBase"]
[SourceDate "2017.08.23"]
[SourceVersion "1"]
[SourceVersionDate "2017.08.23"]
[SourceQuality "1"]

1. e4 d6 2. d4 Nf6 3. Nc3 g6 4. f4 Bg7 5. Nf3 c5 6. Bb5+ Bd7 7. e5 Ng4 8. Bxd7+ Qxd7 9. d5 dxe5 10. h3 e4 11. hxg4 exf3 12. Qxf3 Na6 13. Bd2 0-0-0 14. 0-0-0 Nc7 15. Be1 Kb8 16. f5 h5 17. fxg6 hxg4 18. Qf1 Rxh1 19. Qxh1 fxg6 20. Qh7 Bd4 21. Qxg6 Nxd5 22. Nxd5 Qxd5 23. Kb1 Qg8 24. Qe4 e6 25. Bg3+ Ka8 26. Re1 Rf8 27. c3 Bf2 28. Bxf2 Rxf2 29. Rd1 a6 30. Rd6 Ka7 31. Rd7 Qc8 32. Rg7 Rf1+ 33. Kc2 Rf2+ 34. Kb1 g3 35. a4 Rd2 36. Kc1 Rd5 37. Rxg3 Qf8 38. Re3 Qd6 39. Re2 Rd1+ 40. Kc2 Rg1 41. Rd2 Qg3 42. Re2 Qd6 43. Rd2 Qg3 44. Re2 Qd6 1/2-1/2